000 00218 a2200097 4500
001 29192
100 _aWolansky
245 _aControl of Noise in Ventilation Systems
260 _a
_bSpon Ltd
_c
090 _c19486
_d19486
942 _aNUST-CAE
_cM
_c10542
999 _c264265
_d264265